ბათუმის შოთა რუსთაველის სახელმწიფო უნივერსიტეტის ბიბლიოთეკა

მედიაში სოციალური საკითხების გაშუქების ელემენტები (ბიბ.ჩანაწერი № 51382)

000 -LEADER
fixed length control field 00849nam a2200229Ia 4500
001 - CONTROL NUMBER
control field 18366
003 - CONTROL NUMBER IDENTIFIER
control field GE_BSU
008 - FIXED-LENGTH DATA ELEMENTS--GENERAL INFORMATION
fixed length control field 181216s||||||||xx |||||||||||||| ||und||
010 ## - LIBRARY OF CONGRESS CONTROL NUMBER
LC control number 9789941223259
040 ## - CATALOGING SOURCE
Transcribing agency GE_BSU
080 ## - UNIVERSAL DECIMAL CLASSIFICATION NUMBER
Universal Decimal Classification number 070.433:316
100 ## - MAIN ENTRY--PERSONAL NAME
Personal name ცისკარიშვილი,ოლიკო
245 ## - TITLE STATEMENT
Title მედიაში სოციალური საკითხების გაშუქების ელემენტები
245 ## - TITLE STATEMENT
Statement of responsibility, etc. რედ.ეკა თხილავა
260 ## - PUBLICATION, DISTRIBUTION, ETC.
Place of publication, distribution, etc. თბილისი
260 ## - PUBLICATION, DISTRIBUTION, ETC.
Name of publisher, distributor, etc. უნივერსალი
260 ## - PUBLICATION, DISTRIBUTION, ETC.
Date of publication, distribution, etc. 2014
300 ## - PHYSICAL DESCRIPTION
Extent 199გვ.20სმ.
653 ## - INDEX TERM--UNCONTROLLED
Uncontrolled term მედიაში სოციალური საკითხების გაშუქების ელემენტები
942 ## - ADDED ENTRY ELEMENTS (KOHA)
Koha item type წიგნი
ეგზემპლარები
Withdrawn status Lost status Damaged status Not for loan Date acquired Barcode Date last seen Price effective from Koha item type
        2018-12-17 47058 2018-12-17 2018-12-17 წიგნი
        2018-12-17 47059 2018-12-17 2018-12-17 წიგნი
        2018-12-17 47060 2018-12-17 2018-12-17 წიგნი
        2018-12-17 47061 2018-12-17 2018-12-17 წიგნი
        2018-12-17 47062 2018-12-17 2018-12-17 წიგნი